Нормален изглед
MARC изглед
- Зола, Емил
Вход 01. Лично име
001 - Контролен номер на записа
- Контролно поле: 363335
003 - Код на организацията, даваща контролен номер
- Контролно поле: BLK
005 - Дата и час на последна промяна на записа
- Контролно поле: 20241029115118.0
008 - Данни с фиксирана дължина – обща информация
- Данни с фиксирана дължина : 180422|| aca||aabn | a|a d
100 ## - ИМЕ НА ЛИЦЕ -ПЪРВИЧНА ИНТЕЛЕКТУАЛНА ОТГОВОРНОСТ
- Лично име: Зола, Емил
- Дати, свързани с автора: 1840-1902
942 ## - Системна служебна употреба
- Koha auth type: PERSO_NAME